| 000 | 00430nam a2200145 4500 | ||
|---|---|---|---|
| 001 | 22931 | ||
| 005 | 20230411085952.0 | ||
| 008 | 060907n1977 dr spa | ||
| 035 | _9funglode23096 | ||
| 041 | _aES | ||
| 245 | 0 |
_aComunicación y cultura : _bla comunicación masiva en el proceso político latinoamericano |
|
| 260 |
_aMéxico, D. F. : _bEditorial Nueva Imagen, _c1977 |
||
| 300 | _a247 p. | ||
| 942 |
_2lcc _cbk |
||
| 999 |
_c110187 _d110187 |
||